X-Men movies - Statistics

General Stats
  • This quiz has been taken 51 times
  • The average score is 11 of 14
Answer Stats
Hint Answer % Correct
2000 X-Men
100%
2003 X2: X-Men United
84%
2014 X-Men: Days of Future Past
84%
2011 X-Men: First Class
84%
2016 X-Men: Apocalypse
79%
2013 The Wolverine
74%
2019 Dark Phoenix
72%
2016 Deadpool
72%
2018 Deadpool 2
72%
2024 Deadpool and Wolverine
72%
2006 X-Men: The Last Stand
72%
2017 Logan
67%
2009 X-Men Origins: Wolverine
65%
2020 The New Mutants
56%
No matching quizzes found
Score Distribution
Percent of People with Each Score
Percentile by Number Answered
Your Score History
You have not taken this quiz